006610000a220009700045001000030000002450046000303000061000765000065001375200338002027730023005401 aMora Rodríguez, Arnoldo10aAgua, capitalismo y el mercado neoliberal aVol.26, núm.1 (Primer semestre, 2006), Páginas 73-81 aCatedrático de filosofía de la Universidad de Costa Rica aLa crisis actual del agua en el mundo está intimamente ligada a la historia de los conflictos políticos y a los modelos económicos del siglo XX. Un repaso al rumbo de esta historia, nos ubica en que el agua, como los demás recursos de nuestro planeta, es víctima de la apropiación, privatización y comercilalización.0 tVida y Pensamiento